Loading...
| Art - Other | 0 | 3 | 1 | 0 | 25 | 95 | 124.67 | 0 | 0 | 0.00 | 0.00 |
| Art - Painting/Sculpture | 0 | 2 | 1 | 1 | 15 | 133 | 144.00 | 0 | 1 | 0.00 | 0.00 |
| Literature - American any | 0 | 1 | 0 | 0 | 10 | 69 | 69.00 | 0 | 1 | 0.00 | 0.00 |
| Literature - American drama | 0 | 1 | 0 | 1 | 10 | 144 | 144.00 | 0 | 0 | 0.00 | 0.00 |
| Literature - American poetry | 0 | 1 | 0 | 0 | 10 | 153 | 153.00 | 0 | 0 | 0.00 | 0.00 |
| Literature - British poetry | 0 | 1 | 0 | 1 | 10 | 138 | 138.00 | 0 | 0 | 0.00 | 0.00 |
| Literature - European drama | 0 | 1 | 0 | 0 | 10 | 151 | 151.00 | 0 | 0 | 0.00 | 0.00 |
| Philosophy - 20th century | 0 | 1 | 0 | 1 | 10 | 134 | 134.00 | 0 | 0 | 0.00 | 0.00 |
| Literature - European short fiction | 0 | 1 | 0 | 0 | 10 | 132 | 132.00 | 0 | 0 | 0.00 | 0.00 |
| Art - Visual | 0 | 1 | 0 | 0 | 10 | 124 | 124.00 | 0 | 1 | 0.00 | 0.00 |
| Art - Music/Opera | 0 | 1 | 1 | 0 | 5 | 133 | 133.00 | 0 | 0 | 0.00 | 0.00 |
| Literature - World/Misc long fiction | 0 | 0 | 0 | 0 | 0 | 0.00 | 0 | 0 | 0.00 | 0.00 | |
| Literature - World/Misc short fiction | 0 | 0 | 0 | 0 | 0 | 0.00 | 0 | 0 | 0.00 | 0.00 | |
| Literature - World/Misc drama | 0 | 0 | 0 | 0 | 0 | 0.00 | 0 | 0 | 0.00 | 0.00 | |
| Philosophy - Pre-20th | 0 | 0 | 0 | 0 | 0 | 0.00 | 0 | 0 | 0.00 | 0.00 |